MARC

LEADER 00000nam0a2200000 4500
001 273824
005 20231101234652.0
020 |a RU  |b 87-77054 
035 |a (RuTPU)RU\TPU\book\297034 
090 |a 273824 
100 |a 20141029d1987 k y0rusy5003 ca 
101 0 |a rus 
102 |a UA 
105 |a y z 001zy 
200 1 |a Методы и средства разработки информационного обеспечения для задач управления  |e сборник научных трудов  |f Академия наук Украинской ССР (АН УССР), Институт кибернетики (ИК) ; под ред. А. А. Стогния 
210 |a Киев  |c Изд-во ИК  |d 1987 
215 |a 89 с. 
320 |a Библиогр. в конце ст. 
606 1 |a Информационное обеспечение  |2 stltpush  |3 (RuTPU)RU\TPU\subj\12912  |9 39612 
610 1 |a базы данных 
610 1 |a организация управления 
610 1 |a методы 
610 1 |a средства 
610 1 |a информационные технологии 
610 1 |a проектирование 
610 1 |a лингвистическое обеспечение 
610 1 |a экспертные системы 
675 |a 681.3.01  |z rus  |v 3 
702 1 |a Стогний  |b А. А.  |g Анатолий Александрович  |4 340 
712 0 2 |a Академия наук Украинской ССР (АН УССР)  |b Институт кибернетики (ИК)  |c (Киев)  |c (1962-1991)  |2 stltpush  |3 (RuTPU)RU\TPU\col\11437 
801 0 |a RU  |b RuMRKP  |c 19960705  |g psbo 
801 1 |a RU  |b 63413507  |c 20141029 
801 2 |a RU  |b 63413507  |c 20170116  |g RCR 
942 |c BK